Introduction à la civilisation de la Chine contemporaine (notice n° 1971346)

détails MARC
000 -LEADER
fixed length control field 01530cam a2200133 4500500
005 - DATE AND TIME OF LATEST TRANSACTION
control field 20260329040321.0
041 ## - LANGUAGE CODE
Language code of text/sound track or separate title fre
042 ## - AUTHENTICATION CODE
Authentication code dc
100 10 - MAIN ENTRY--PERSONAL NAME
Personal name Duléry, Fabrice
Relator term author
245 00 - TITLE STATEMENT
Title Introduction à la civilisation de la Chine contemporaine
260 ## - PUBLICATION, DISTRIBUTION, ETC.
Name of publisher, distributor, etc. Armand Colin,<br/>
Date of publication, distribution, etc. 2015.<br/>
520 ## - SUMMARY, ETC.
Summary, etc. Cet ouvrage consiste en une présentation actualisée de l’ensemble des problématiques relatives à la société chinoise contemporaine. Les mutations accélérées qui ont permis à la Chine de sortir du sous-développement et de devenir une grande puissance économique et politique sont ici rappelées, dans la perspective de la longue durée. La prise en compte de la dimension historique est incontournable pour qui veut appréhender la complexité du monde chinois contemporain. L’accent est mis sur les bouleversements et les tensions générées par l’entrée de la Chine dans la globalisation : évolutions du régime face à l’émergence de la société civile, rôle croissant d’internet, urbanisation et problèmes environnementaux, inégalités et montée en puissance de nouveaux groupes sociaux, nouveaux modes de vie, survivance des modèles traditionnels face à l’irruption de la modernité, place de la Chine en Asie et dans le monde ou encore évolution des flux migratoires. Une chronologie, une carte et des graphiques complètent cet ouvrage.
856 41 - ELECTRONIC LOCATION AND ACCESS
Uniform Resource Identifier <a href="https://shs.cairn.info/introduction-a-la-civilisation-de-la-chine-contemp--9782200291488?lang=fr&redirect-ssocas=7080">https://shs.cairn.info/introduction-a-la-civilisation-de-la-chine-contemp--9782200291488?lang=fr&redirect-ssocas=7080</a>

Pas d'exemplaire disponible.

PLUDOC

PLUDOC est la plateforme unique et centralisée de gestion des bibliothèques physiques et numériques de Guinée administré par le CEDUST. Elle est la plus grande base de données de ressources documentaires pour les Étudiants, Enseignants chercheurs et Chercheurs de Guinée.

Adresse

627 919 101/664 919 101

25 boulevard du commerce
Kaloum, Conakry, Guinée

Réseaux sociaux

Powered by Netsen Group @ 2025